000 00672nam a2200241Ia 4500
003 OSt
005 20220918181609.0
006 a|||||r|||| 00| 0
007 ta
008 220917b |||||||| |||| 00| 0 eng d
024 _a27,802
037 _cTextual
040 _aARTS
_cARTS
_beng
041 _2eng
_aeng
082 _aO111,1M88:g, M5
100 _aMitra Sourindra
_958896
245 0 _aT S Eliot
_b the critic a study in critical ideology and methods
260 _aDelhi
_bMittal
_c1985
300 _axx,279p.
_ccm.
650 _aENGLISH LITERATURE
942 _hO111,1M88:g, M5
_cTEXL
_2CC
999 _c166213
_d166213